000 00519nam a2200181Ia 4500
001 2571
005 20260306144817.0
008 260306t2012||||xx |||||||||||||| ||spa||
041 _aESP
082 _a616.89143
_bO614
100 _aOaklander, Violet
_eAUT
245 0 _aVentanas a nuestros niños, terapia Gestalt para niños y adolescentes:
_bterapia gestáltica para niños y adolescentes
260 _c2012
300 _ax, 329 páginas :
_c24 cm.
650 _aGEN
654 _aCPS
942 _cLIB
_dJUS
_fJUS
_2ddc
_n
999 _c2571
_d2571